[Event "Chigorin Memorial"]
[Site "St Petersburg"]
[Date "2015.10.03"]
[Round "1.121"]
[White "Zhemchuzhina, Elizaveta"]
[Black "Muromtsev, Arthur"]
[Result "0-1"]
[WhiteElo "1857"]
[BlackElo "2265"]
[PlyCount "88"]
[EventDate "2015.10.03"]
[EventType "swiss"]
[EventRounds "9"]
[EventCountry "RUS"]

1. d4 Nf6 2. c4 c5 3. d5 g6 4. Nc3 Bg7 5. e4 d6 6. h3 O-O 7. Nf3 e6 8. Bd3 Na6
9. O-O e5 10. a3 h6 11. Bd2 Nh7 12. Qc1 f5 13. exf5 gxf5 14. Bc2 Qf6 15. Ne2 f4
16. Nc3 Ng5 17. Nxg5 Qxg5 18. Ne4 Qe7 19. f3 Kh8 20. b4 Rg8 21. bxc5 Nxc5 22.
Nxc5 dxc5 23. g4 fxg3 24. Kg2 Qh4 25. Rh1 Qxc4 26. Re1 Qh4 27. Rh1 Bd7 28. Be4
Rac8 29. Rb1 b6 30. Qc2 Bf6 31. Bf5 Qd4 32. Be1 Qxd5 33. Rd1 Bxf5 34. Qxf5 Qf7
35. Rd7 Qg6 36. Qe6 Rce8 37. Qc6 e4 38. f4 e3 39. Rd6 Qh5 40. Qb5 Qf5 41. Qc4
Bg7 42. Bxg3 Kh7 43. Kh2 Bd4 44. Qb5 Qc2+ 0-1

[Event "Chigorin Memorial"]
[Site "St Petersburg"]
[Date "2015.10.03"]
[Round "1.122"]
[White "Bekhovskiy, Mikhail"]
[Black "Zemnitskiy, Alexander"]
[Result "1-0"]
[WhiteElo "2264"]
[BlackElo "1856"]
[PlyCount "85"]
[EventDate "2015.10.03"]
[EventType "swiss"]
[EventRounds "9"]
[EventCountry "RUS"]

1. d4 d5 2. Nf3 c6 3. Bf4 Nf6 4. e3 e6 5. Bd3 Nbd7 6. Nbd2 c5 7. c3 c4 8. Bc2
b5 9. a3 Bb7 10. Qe2 Be7 11. Ne5 Nxe5 12. Bxe5 Bd6 13. f4 O-O 14. O-O Ne4 15.
Nxe4 dxe4 16. Bxd6 Qxd6 17. f5 exf5 18. Rxf5 a6 19. Raf1 Bc8 20. R5f4 Bb7 21.
Bxe4 Bxe4 22. Rxe4 f5 23. Re5 g6 24. a4 Rfe8 25. axb5 Rxe5 26. dxe5 Qc5 27.
bxa6 Rxa6 28. Rf4 Ra4 29. b4 Ra1+ 30. Kf2 Qxe5 31. Qxc4+ Kf8 32. Qd4 Qb5 33.
Qh8+ Kf7 34. Qxh7+ Kf6 35. Qh8+ Kf7 36. Qd4 Qf1+ 37. Kg3 Qe1+ 38. Kh3 Ra3 39.
Rh4 Qxc3 40. Rh7+ Ke6 41. Qb6+ Kd5 42. Rd7+ Ke5 43. Qd6+ 1-0

[Event "Chigorin Memorial"]
[Site "St Petersburg"]
[Date "2015.10.03"]
[Round "1.123"]
[White "Kochetkov, Victor N"]
[Black "Ageichenko, Genadi A"]
[Result "0-1"]
[WhiteElo "1853"]
[BlackElo "2257"]
[PlyCount "88"]
[EventDate "2015.10.03"]
[EventType "swiss"]
[EventRounds "9"]
[EventCountry "RUS"]

1. d4 Nf6 2. Nf3 g6 3. e3 Bg7 4. Be2 O-O 5. O-O d6 6. h3 Nbd7 7. Nc3 e5 8. dxe5
dxe5 9. e4 c6 10. Be3 Qe7 11. Qc1 Nc5 12. Bg5 Ne6 13. Rd1 Nxg5 14. Qxg5 Re8 15.
a3 h6 16. Qe3 Nh5 17. Bc4 Nf4 18. Ne2 Qf6 19. c3 Ne6 20. b4 Bf8 21. Ra2 Kg7 22.
Kh2 Be7 23. g3 Bd8 24. Nc1 Bb6 25. Qe2 a5 26. Nd3 axb4 27. Nfxe5 bxc3 28. f4
Nd4 29. Qe3 Be6 30. Ng4 Bxg4 31. hxg4 c2 32. Rf1 Ra4 33. Ne5 Re7 34. Kg2 Ba7
35. Qc3 b5 36. Bd3 b4 37. Qc4 b3 38. Qxa4 bxa2 39. Nc4 Rb7 40. e5 Qe6 41. Nd2
Qd5+ 42. Kh2 Nf3+ 43. Nxf3 Qxd3 44. Qxc6 Qe2+ 0-1

[Event "Chigorin Memorial"]
[Site "St Petersburg"]
[Date "2015.10.03"]
[Round "1.124"]
[White "Shapiro, David"]
[Black "Vorobyova, Valeriya"]
[Result "1-0"]
[WhiteElo "2255"]
[BlackElo "1850"]
[PlyCount "75"]
[EventDate "2015.10.03"]
[EventType "swiss"]
[EventRounds "9"]
[EventCountry "RUS"]

1. d4 Nf6 2. Nf3 g6 3. Nc3 d5 4. Bf4 a6 5. e3 Bg7 6. Be2 O-O 7. Ne5 Nbd7 8. O-O
c6 9. b4 Nxe5 10. Bxe5 Bf5 11. Bd3 Bxd3 12. Qxd3 Ne8 13. Bxg7 Kxg7 14. e4 dxe4
15. Nxe4 Nd6 16. Rfe1 Nxe4 17. Qxe4 e6 18. c4 Kg8 19. Rad1 Qb6 20. Rb1 Rad8 21.
Red1 Rd7 22. c5 Qb5 23. Qc2 a5 24. a4 Qa6 25. b5 Qa7 26. h4 Rd5 27. Qe4 Rc8 28.
Rd3 b6 29. Rc3 cxb5 30. cxb6 Qb7 31. Rxc8+ Qxc8 32. Rxb5 Qc1+ 33. Kh2 Qf1 34.
Rxd5 exd5 35. Qe8+ Kg7 36. b7 Qxf2 37. Qe5+ f6 38. Qg3 1-0

[Event "Chigorin Memorial"]
[Site "St Petersburg"]
[Date "2015.10.03"]
[Round "1.125"]
[White "Kashin, Yury"]
[Black "Miroshnichenko, Pavel"]
[Result "0-1"]
[WhiteElo "1848"]
[BlackElo "2255"]
[PlyCount "110"]
[EventDate "2015.10.03"]
[EventType "swiss"]
[EventRounds "9"]
[EventCountry "RUS"]

1. e4 g6 2. d4 Bg7 3. Bc4 c6 4. c3 d5 5. exd5 cxd5 6. Bd3 Nc6 7. Nf3 Nh6 8. O-O
O-O 9. Re1 f6 10. c4 Nb4 11. Nc3 Nxd3 12. Qxd3 Bf5 13. Qe2 dxc4 14. Qxc4+ Nf7
15. Be3 Rc8 16. Qb3 Qd7 17. d5 e5 18. dxe6 Bxe6 19. Rad1 Qc6 20. Qa3 Rcd8 21.
Nd4 Qc8 22. Rc1 Ne5 23. Nd5 Qd7 24. Nxe6 Qxe6 25. Nf4 Qf7 26. Rc3 f5 27. Qb3
Nc6 28. Rd3 Rxd3 29. Nxd3 Qxb3 30. axb3 Rd8 31. Nc5 Bxb2 32. Nxb7 Rb8 33. Nc5
Ba3 34. Bf4 Rb5 35. Nd7 Kf7 36. g3 Rxb3 37. h4 Rb7 38. Rd1 Ke6 39. Nf8+ Bxf8
40. Re1+ Kf7 41. Rc1 Nd4 42. Rc4 Ne2+ 43. Kf1 Nxf4 44. Rxf4 Rb4 45. Rf3 a5 46.
Rc3 Rb7 47. Rc4 Bb4 48. g4 a4 49. gxf5 gxf5 50. Kg2 a3 51. Rc2 Be7 52. h5 Rb2
53. Rc6 a2 54. Ra6 Rc2 55. Kf3 Rc3+ 0-1

[Event "Chigorin Memorial"]
[Site "St Petersburg"]
[Date "2015.10.03"]
[Round "1.126"]
[White "Volkov, Anton"]
[Black "Belkina, Yulia"]
[Result "1-0"]
[WhiteElo "2255"]
[BlackElo "1847"]
[PlyCount "115"]
[EventDate "2015.10.03"]
[EventType "swiss"]
[EventRounds "9"]
[EventCountry "RUS"]

1. d4 Nf6 2. Bf4 g6 3. e3 Bg7 4. Nf3 d6 5. Be2 Nbd7 6. O-O O-O 7. h3 c5 8. c3
a6 9. Nbd2 b5 10. a4 bxa4 11. Qxa4 Bb7 12. Nb3 Qb6 13. Na5 Be4 14. Ra2 cxd4 15.
exd4 Qc7 16. c4 e5 17. Be3 exd4 18. Nxd4 Nb6 19. Qa3 Rfd8 20. f3 Bb7 21. Nxb7
Qxb7 22. Qb4 Re8 23. Bf2 Nfd7 24. b3 Qc7 25. Qd2 Nc5 26. b4 Ne6 27. Nxe6 Rxe6
28. c5 dxc5 29. bxc5 Nd7 30. Bc4 Ree8 31. Qd5 Nf6 32. Qd6 Qxd6 33. cxd6 Bf8 34.
Bh4 Kg7 35. Rd1 Red8 36. Bg3 Ne8 37. d7 Nf6 38. Be5 Be7 39. Rxa6 Rxa6 40. Bxa6
Kf8 41. Bb5 Nxd7 42. Rxd7 Rxd7 43. Bxd7 f6 44. Bd4 Kf7 45. Kf2 Bd6 46. Bb5 h6
47. Bc4+ Kg7 48. Be6 g5 49. g4 Bf4 50. Ke2 Bd6 51. Kd3 Kg6 52. Bf5+ Kf7 53. Ke4
Bf8 54. Kd5 Bg7 55. Bc5 Bh8 56. Kc6 Bg7 57. Kd7 Bh8 58. Be6+ 1-0

[Event "Chigorin Memorial"]
[Site "St Petersburg"]
[Date "2015.10.03"]
[Round "1.127"]
[White "Chechetko, Georgy"]
[Black "Grigorjev, Iljya"]
[Result "0-1"]
[WhiteElo "1827"]
[BlackElo "2254"]
[PlyCount "70"]
[EventDate "2015.10.03"]
[EventType "swiss"]
[EventRounds "9"]
[EventCountry "RUS"]

1. e4 e5 2. Nf3 Nc6 3. d4 exd4 4. Nxd4 Bc5 5. Nxc6 Qf6 6. Qf3 bxc6 7. Bc4 d6 8.
Nd2 Qxf3 9. gxf3 Ne7 10. Nb3 Bb6 11. Be3 Ng6 12. a4 Be6 13. Nd2 d5 14. Bxb6
axb6 15. Bd3 Nf4 16. O-O Ke7 17. b4 Rhd8 18. e5 c5 19. bxc5 bxc5 20. Rfb1 c4
21. Bf1 Ra7 22. Ra2 Rda8 23. Rba1 Ra5 24. Nb1 d4 25. c3 d3 26. Nd2 Rxe5 27. a5
Rg5+ 28. Kh1 Nh3 29. Bxh3 Bxh3 30. Rg1 Rxg1+ 31. Kxg1 Ra6 32. Nxc4 Be6 33. Ra4
Bxc4 34. Rxc4 d2 35. Rd4 Rd6 0-1

[Event "Chigorin Memorial"]
[Site "St Petersburg"]
[Date "2015.10.03"]
[Round "1.128"]
[White "Selivanov, Ivan"]
[Black "Montolio Benedicto, Cesar"]
[Result "1-0"]
[WhiteElo "2254"]
[BlackElo "1816"]
[PlyCount "61"]
[EventDate "2015.10.03"]
[EventType "swiss"]
[EventRounds "9"]
[EventCountry "RUS"]

1. e4 e5 2. Nf3 Nc6 3. Bb5 a6 4. Ba4 Nf6 5. O-O Nxe4 6. d4 exd4 7. Re1 d5 8.
Nxd4 Bd6 9. Nxc6 Bxh2+ 10. Kh1 Qh4 11. Rxe4+ dxe4 12. Qd8+ Qxd8 13. Nxd8+ Kxd8
14. Kxh2 Be6 15. Be3 h6 16. Nc3 f5 17. g4 g6 18. gxf5 gxf5 19. Ne2 b5 20. Bb3
Bxb3 21. axb3 Ke7 22. b4 Rhg8 23. Nf4 c6 24. Ne2 Kf6 25. Nd4 Rgc8 26. Nb3 Ke5
27. Bd4+ Kf4 28. Ra3 Kf3 29. Nc1+ Kg4 30. Rg3+ Kh5 31. Ne2 1-0

[Event "Chigorin Memorial"]
[Site "St Petersburg"]
[Date "2015.10.03"]
[Round "1.129"]
[White "Levin, Evgeny"]
[Black "Saveliev, Alexei"]
[Result "0-1"]
[WhiteElo "1813"]
[BlackElo "2253"]
[PlyCount "98"]
[EventDate "2015.10.03"]
[EventType "swiss"]
[EventRounds "9"]
[EventCountry "RUS"]

1. c4 c5 2. Nc3 Nc6 3. g3 g6 4. Bg2 Bg7 5. e3 e5 6. Nge2 Nge7 7. O-O O-O 8. f4
d6 9. d3 f5 10. Nd5 Be6 11. Nec3 Kh8 12. a3 Bg8 13. Rb1 Rc8 14. Bd2 Re8 15. b4
cxb4 16. axb4 Nxd5 17. Nxd5 Ne7 18. Nxe7 Rxe7 19. e4 fxe4 20. Bxe4 exf4 21.
Bxf4 Bxc4 22. Bf3 Bg8 23. Qa4 Qb6+ 24. Kg2 Rc3 25. Qa5 Rxd3 26. Qxb6 axb6 27.
Rfd1 Rxd1 28. Rxd1 Be5 29. Bg5 Rc7 30. Re1 Kg7 31. Rc1 Rxc1 32. Bxc1 d5 33. Bd2
Kf6 34. Kf2 Ke6 35. b5 Bd4+ 36. Ke1 Bf7 37. Be2 Kd6 38. Bh6 Be6 39. Kd2 Bf6 40.
Bf4+ Kc5 41. Be3+ d4 42. Bh6 Be7 43. Bf3 Kxb5 44. Bxb7 Bc5 45. Be4 Kb4 46. Bf4
Kb3 47. Be5 Bc4 48. Bc2+ Kb2 49. Bd3 b5 0-1

[Event "Chigorin Memorial"]
[Site "St Petersburg"]
[Date "2015.10.03"]
[Round "1.130"]
[White "Ibadov, Dashgyn"]
[Black "Zhivotovskaya, Asya"]
[Result "1-0"]
[WhiteElo "2246"]
[BlackElo "1810"]
[PlyCount "59"]
[EventDate "2015.10.03"]
[EventType "swiss"]
[EventRounds "9"]
[EventCountry "RUS"]

1. e4 e5 2. Nf3 Nc6 3. Nc3 Nf6 4. Be2 Bb4 5. Nd5 Bc5 6. d3 h6 7. O-O O-O 8. c3
d6 9. b4 Bb6 10. a4 a6 11. Nxb6 cxb6 12. Qc2 d5 13. Bd2 dxe4 14. dxe4 Qc7 15.
c4 Be6 16. Bc3 Nd7 17. Qb2 f6 18. Nd2 Rac8 19. Rfd1 Rfd8 20. Nf1 Ne7 21. Ne3 b5
22. axb5 axb5 23. c5 Qc6 24. Rd6 Qxe4 25. Rxe6 Kf7 26. Bxb5 Nxc5 27. Rxe7+ Kxe7
28. bxc5 Kf7 29. Bc4+ Kg6 30. Be6 1-0

[Event "Chigorin Memorial"]
[Site "St Petersburg"]
[Date "2015.10.03"]
[Round "1.131"]
[White "Caglar, Sila"]
[Black "Pletnev, Evgeniy"]
[Result "1-0"]
[WhiteElo "1804"]
[BlackElo "2246"]
[PlyCount "41"]
[EventDate "2015.10.03"]
[EventType "swiss"]
[EventRounds "9"]
[EventCountry "RUS"]

1. e4 Nc6 2. Nf3 d6 3. d4 Nf6 4. Nc3 g6 5. d5 Nb8 6. Bc4 Bg7 7. O-O O-O 8. h3
c6 9. a4 a5 10. Qe2 Re8 11. Rd1 Qb6 12. Be3 Qc7 13. Bf4 Nbd7 14. dxc6 bxc6 15.
Bxf7+ Kxf7 16. Ng5+ Kg8 17. Qc4+ d5 18. Nxd5 cxd5 19. Qxc7 e5 20. Be3 d4 21.
Qc4+ 1-0

[Event "Chigorin Memorial"]
[Site "St Petersburg"]
[Date "2015.10.03"]
[Round "1.132"]
[White "Petrov, Dmitri"]
[Black "Shapar, Tatiana"]
[Result "1-0"]
[WhiteElo "2245"]
[BlackElo "1804"]
[PlyCount "67"]
[EventDate "2015.10.03"]
[EventType "swiss"]
[EventRounds "9"]
[EventCountry "RUS"]

1. e4 d5 2. exd5 Nf6 3. Bb5+ Nbd7 4. c4 e6 5. dxe6 fxe6 6. Nf3 c6 7. Ba4 e5 8.
O-O Bd6 9. d4 O-O 10. c5 Bc7 11. Bb3+ Nd5 12. Nc3 Kh8 13. Nxd5 cxd5 14. Nxe5
Nxe5 15. dxe5 Bxe5 16. Qxd5 Qf6 17. Bg5 Qxg5 18. f4 Be6 19. Qxe5 Qxe5 20. fxe5
Bxb3 21. axb3 Rxf1+ 22. Rxf1 Kg8 23. e6 Rf8 24. Rxf8+ Kxf8 25. Kf2 Ke7 26. Ke3
Kxe6 27. Ke4 a5 28. g4 h6 29. h3 Ke7 30. Ke5 Kd7 31. Kf5 Ke7 32. Ke5 Kd7 33.
Kd5 Kc7 34. Kc4 1-0

[Event "Chigorin Memorial"]
[Site "St Petersburg"]
[Date "2015.10.03"]
[Round "1.133"]
[White "Gorodnichin, Leonid"]
[Black "Vaseptsov, Maxim"]
[Result "0-1"]
[WhiteElo "1798"]
[BlackElo "2241"]
[PlyCount "64"]
[EventDate "2015.10.03"]
[EventType "swiss"]
[EventRounds "9"]
[EventCountry "RUS"]

1. e4 c5 2. Nf3 d6 3. d4 cxd4 4. Nxd4 Nf6 5. Nc3 a6 6. Bg5 Nbd7 7. f4 Qc7 8.
Qf3 h6 9. Bh4 g5 10. fxg5 hxg5 11. Bxg5 Qc5 12. Bxf6 Nxf6 13. Nb3 Qe5 14. h3 d5
15. O-O-O dxe4 16. Qf2 Bd7 17. Kb1 Rc8 18. Re1 Bg7 19. Nd2 Rxc3 20. bxc3 Nd5
21. Nxe4 Nxc3+ 22. Nxc3 Qxc3 23. Kc1 Bh6+ 24. Kd1 Qa1+ 25. Ke2 Bb5+ 26. Kf3
Qf6+ 27. Kg3 Qd6+ 28. Kg4 Rg8+ 29. Kh4 Bg5+ 30. Kh5 Qg6+ 31. Kg4 Bd2+ 32. Kf3
Qf5# 0-1

[Event "Chigorin Memorial"]
[Site "St Petersburg"]
[Date "2015.10.03"]
[Round "1.134"]
[White "Turikov, Viktor"]
[Black "Matchenya, Ivan"]
[Result "1-0"]
[WhiteElo "2239"]
[BlackElo "1795"]
[PlyCount "77"]
[EventDate "2015.10.03"]
[EventType "swiss"]
[EventRounds "9"]
[EventCountry "RUS"]

1. e4 c6 2. d4 d5 3. e5 c5 4. Nf3 Nc6 5. c3 Bg4 6. Be2 e6 7. Nbd2 Nge7 8. O-O
Nf5 9. dxc5 Bxc5 10. h3 Bxf3 11. Nxf3 Ng3 12. b4 Bb6 13. Bd3 Nxf1 14. Kxf1 Qc7
15. Qe2 Qe7 16. a4 f6 17. a5 Bc7 18. a6 Bxe5 19. axb7 Qxb7 20. b5 Nd8 21. Nxe5
fxe5 22. Qxe5 O-O 23. Be3 Rf7 24. Bd4 Qc7 25. Qh5 h6 26. Kg1 a6 27. Qg6 e5 28.
b6 Qb7 29. Bxe5 Nc6 30. Bc7 Rf6 31. Qh5 Ne7 32. Re1 Rf7 33. Re6 Re8 34. Bg6
Nxg6 35. Rxe8+ Nf8 36. Rd8 Qc6 37. Qxd5 Qf6 38. b7 Qxf2+ 39. Kh2 1-0

[Event "Chigorin Memorial"]
[Site "St Petersburg"]
[Date "2015.10.03"]
[Round "1.135"]
[White "Stroganov, Anatoly"]
[Black "Shkalov, Oleg"]
[Result "0-1"]
[WhiteElo "1795"]
[BlackElo "2239"]
[PlyCount "120"]
[EventDate "2015.10.03"]
[EventType "swiss"]
[EventRounds "9"]
[EventCountry "RUS"]

1. d4 Nf6 2. Nf3 e6 3. e3 b6 4. Nbd2 Bb7 5. Bd3 d5 6. O-O c5 7. b3 Nc6 8. Bb2
Bd6 9. Ne5 Qc7 10. f4 a6 11. a3 b5 12. Nxc6 Qxc6 13. dxc5 Bxc5 14. Bd4 Bxd4 15.
exd4 Qc3 16. Nf3 Ne4 17. Qe1 f5 18. Qxc3 Nxc3 19. Rae1 Ne4 20. g3 Ke7 21. Kg2
Rhc8 22. h3 Rc3 23. Re2 Bc6 24. Nd2 Be8 25. g4 Rac8 26. Nb1 R3c7 27. gxf5 exf5
28. c4 bxc4 29. bxc4 dxc4 30. Bxe4 fxe4 31. Rxe4+ Kd6 32. Nc3 Rb7 33. Re5 Rb2+
34. Kg1 Bc6 35. d5 Bb7 36. Rfe1 Rc2 37. Ne4+ Kd7 38. Rb1 Ba8 39. Rb6 Kc7 40.
Rxa6 Rb8 41. Ra7+ Kd8 42. Nf2 c3 43. Rxg7 Rb1+ 44. Kg2 Rxf2+ 45. Kxf2 c2 46.
Rf5 Rf1+ 47. Ke2 Re1+ 48. Kf2 c1=Q 49. Rf8+ Re8 50. Rxe8+ Kxe8 51. Rg8+ Kf7 52.
Rxa8 Qxf4+ 53. Kg2 Qe4+ 54. Kg3 Qd3+ 55. Kf4 Qd4+ 56. Kg3 Qxd5 57. Ra7+ Kg6 58.
Ra6+ Kf5 59. Kf2 Qd2+ 60. Kg1 Qe1+ 0-1

[Event "Chigorin Memorial"]
[Site "St Petersburg"]
[Date "2015.10.03"]
[Round "1.136"]
[White "Dimitrova, Aleksandra"]
[Black "Golovkina, Anastasia"]
[Result "1-0"]
[WhiteElo "2235"]
[BlackElo "1790"]
[PlyCount "59"]
[EventDate "2015.10.03"]
[EventType "swiss"]
[EventRounds "9"]
[EventCountry "RUS"]

1. e4 e5 2. Nf3 Nc6 3. Bb5 Bc5 4. O-O Nd4 5. Nxd4 Bxd4 6. c3 Bb6 7. d4 c6 8.
Be2 d6 9. Be3 Nf6 10. Nd2 O-O 11. h3 Qe7 12. Qc2 Be6 13. Rae1 Nd7 14. Bd3 f6
15. f4 Kh8 16. Kh1 Bc7 17. Nf3 Bg8 18. Nh4 Rae8 19. b3 Qd8 20. f5 d5 21. Qf2
Bf7 22. exd5 cxd5 23. Ng6+ Bxg6 24. fxg6 h6 25. Qh4 Qe7 26. Bf5 Rd8 27. Bxh6
gxh6 28. Qxh6+ Kg8 29. Be6+ Qxe6 30. Qh7# 1-0

[Event "Chigorin Memorial"]
[Site "St Petersburg"]
[Date "2015.10.03"]
[Round "1.137"]
[White "Khlopushin, Dmitriy"]
[Black "Royset, Pal"]
[Result "0-1"]
[WhiteElo "1788"]
[BlackElo "2234"]
[PlyCount "102"]
[EventDate "2015.10.03"]
[EventType "swiss"]
[EventRounds "9"]
[EventCountry "RUS"]

1. e4 e5 2. Nf3 Nc6 3. Bc4 Nf6 4. d4 exd4 5. O-O Nxe4 6. Re1 d5 7. Bxd5 Qxd5 8.
Nc3 Qa5 9. Nxe4 Be6 10. Neg5 O-O-O 11. Nxe6 fxe6 12. Rxe6 Bd6 13. Bg5 Rdf8 14.
Qe2 Qd5 15. Qe4 Qxe4 16. Rxe4 Re8 17. Rae1 Kd7 18. a3 Rxe4 19. Rxe4 Re8 20. Rg4
h5 21. Rh4 g6 22. Kf1 Be5 23. Nxe5+ Rxe5 24. Bf6 Rd5 25. Ke2 Ke6 26. Bh8 Rd8
27. Bg7 Kf7 28. Bh6 Ne5 29. Bc1 c5 30. Re4 Rd5 31. f4 Ng4 32. h3 Nf6 33. Re5
Rxe5+ 34. fxe5 Nd7 35. Kd3 Nxe5+ 36. Ke4 Ke6 37. b3 Nd7 38. Bg5 Nb6 39. Bd2 Nd5
40. h4 Nf6+ 41. Kf4 Kd5 42. Kg5 Ne4+ 43. Kxg6 Nxd2 44. Kxh5 Nxb3 45. g4 c4 46.
Kg6 d3 47. cxd3 cxd3 48. h5 d2 49. h6 d1=Q 50. g5 Ke6 51. h7 Qd8 0-1

[Event "Chigorin Memorial"]
[Site "St Petersburg"]
[Date "2015.10.03"]
[Round "1.138"]
[White "Kuzmin, Egor"]
[Black "Mukhtarova, Viktoriya"]
[Result "1-0"]
[WhiteElo "2232"]
[BlackElo "1782"]
[PlyCount "71"]
[EventDate "2015.10.03"]
[EventType "swiss"]
[EventRounds "9"]
[EventCountry "RUS"]

1. Nf3 Nf6 2. c4 g6 3. Nc3 Bg7 4. g3 O-O 5. Bg2 d6 6. d3 e5 7. O-O Nbd7 8. Rb1
a5 9. a3 Re8 10. Qc2 c6 11. b4 axb4 12. axb4 Nf8 13. b5 Bd7 14. bxc6 bxc6 15.
Be3 Ne6 16. h3 h6 17. Na4 Qa5 18. Nb6 Ra6 19. Bd2 Qc5 20. Nxd7 Nxd7 21. Rb7 Nb6
22. Rb1 Nd4 23. Nxd4 exd4 24. Bb4 Qe5 25. Bxc6 Rea8 26. Rxb6 Ra2 27. Rb2 Ra1+
28. Kg2 Rd8 29. Ra2 Rxa2 30. Qxa2 Kh8 31. Bf3 h5 32. Qa5 Qf6 33. c5 Bf8 34. c6
h4 35. c7 Rc8 36. Rb8 1-0

[Event "Chigorin Memorial"]
[Site "St Petersburg"]
[Date "2015.10.03"]
[Round "1.139"]
[White "Abasheeva, Ksenia"]
[Black "Askerov, Marat"]
[Result "1/2-1/2"]
[WhiteElo "1780"]
[BlackElo "2232"]
[PlyCount "110"]
[EventDate "2015.10.03"]
[EventType "swiss"]
[EventRounds "9"]
[EventCountry "RUS"]

1. e4 e6 2. d4 d5 3. Nd2 c5 4. exd5 Qxd5 5. Ngf3 cxd4 6. Bc4 Qd6 7. O-O Nf6 8.
Nb3 Nc6 9. Nbxd4 Nxd4 10. Nxd4 a6 11. c3 Qc7 12. Bb3 Bd6 13. h3 O-O 14. Qf3 e5
15. Nc2 Bd7 16. Ne3 e4 17. Qe2 Bc6 18. Nf5 Be5 19. Be3 b5 20. Rad1 a5 21. Bc5
Rfd8 22. Ne7+ Kh8 23. Nxc6 Qxc6 24. Be7 Re8 25. Bxf6 Qxf6 26. Qg4 Bc7 27. Rd7
Qe5 28. g3 f5 29. Qg5 Rad8 30. Rfd1 Rxd7 31. Rxd7 h6 32. Qe3 a4 33. Bc2 Rd8 34.
Rxd8+ Bxd8 35. b3 a3 36. Qd4 Qxd4 37. cxd4 Bb6 38. d5 Kg8 39. Bd1 Kf7 40. Be2
b4 41. Kf1 Kf6 42. Bc4 Ke5 43. Ke2 g5 44. f3 h5 45. fxe4 fxe4 46. h4 Bc7 47. d6
Bxd6 48. Bf7 gxh4 49. gxh4 Kd4 50. Bxh5 Be7 51. Kd2 Bxh4 52. Be2 Bg5+ 53. Kc2
Ke3 54. Kd1 Kf2 55. Bc4 Bf4 1/2-1/2

[Event "Chigorin Memorial"]
[Site "St Petersburg"]
[Date "2015.10.03"]
[Round "1.140"]
[White "Orlov, Konstantin"]
[Black "Morozov, Boris"]
[Result "1-0"]
[WhiteElo "2222"]
[BlackElo "1770"]
[PlyCount "57"]
[EventDate "2015.10.03"]
[EventType "swiss"]
[EventRounds "9"]
[EventCountry "RUS"]

1. d4 e6 2. c4 f5 3. g3 Nf6 4. Bg2 Bb4+ 5. Nd2 O-O 6. Ngf3 c6 7. Qb3 Qe7 8. O-O
d5 9. Ne5 Nbd7 10. Ndf3 Ba5 11. Bf4 Ne4 12. Qa4 Bd8 13. Nxd7 Bxd7 14. Ne5 g5
15. Bxe4 fxe4 16. Bxg5 Qxg5 17. Nxd7 Rf7 18. Ne5 Rg7 19. e3 h5 20. Qb3 h4 21.
Qc3 Qh6 22. Kh1 hxg3 23. fxg3 Bg5 24. Rae1 Re8 25. Re2 Qh3 26. Rff2 Rh7 27. Qc2
dxc4 28. Qxe4 Qxg3 29. Qg6+ 1-0

[Event "Chigorin Memorial"]
[Site "St Petersburg"]
[Date "2015.10.03"]
[Round "1.141"]
[White "Sapegin, Yaroslav"]
[Black "Schetchikov, Vladimir"]
[Result "0-1"]
[WhiteElo "1769"]
[BlackElo "2222"]
[PlyCount "52"]
[EventDate "2015.10.03"]
[EventType "swiss"]
[EventRounds "9"]
[EventCountry "RUS"]

1. d4 Nf6 2. Nf3 g6 3. Bg5 Bg7 4. e3 O-O 5. Nbd2 h6 6. Bxf6 Bxf6 7. Bd3 c5 8.
c3 cxd4 9. exd4 d5 10. Qc2 b6 11. O-O-O Ba6 12. Bxa6 Nxa6 13. Kb1 b5 14. Qd3
Qb6 15. a3 Nb8 16. Ne5 e6 17. Rhe1 Bxe5 18. Rxe5 a5 19. Rde1 Kg7 20. Ka2 b4 21.
f4 Nc6 22. R5e3 Rfb8 23. Rb1 Qc7 24. Qf1 Rb6 25. Nb3 Rab8 26. Qf2 bxa3 0-1

[Event "Chigorin Memorial"]
[Site "St Petersburg"]
[Date "2015.10.03"]
[Round "1.142"]
[White "Gogin, Maksim"]
[Black "Khatenever, Feliks"]
[Result "1-0"]
[WhiteElo "2220"]
[BlackElo "1767"]
[PlyCount "87"]
[EventDate "2015.10.03"]
[EventType "swiss"]
[EventRounds "9"]
[EventCountry "RUS"]

1. d4 Nf6 2. Bg5 Ne4 3. Bf4 e6 4. f3 Nf6 5. e4 d5 6. Nc3 Bb4 7. Qd3 O-O 8.
O-O-O Bxc3 9. Qxc3 dxe4 10. fxe4 Nxe4 11. Qe1 Nf6 12. Bd3 Qd5 13. Kb1 Nc6 14.
Nf3 g6 15. Qh4 Nh5 16. Bh6 Nb4 17. b3 Nxd3 18. Bxf8 Kxf8 19. Rxd3 Kg7 20. Rf1
Bd7 21. Ne5 f6 22. Nxd7 Qxd7 23. g4 f5 24. gxh5 Rf8 25. Rh3 Qd8 26. Qxd8 Rxd8
27. hxg6 hxg6 28. c3 b5 29. Re1 Kf6 30. Rh7 b4 31. Rxc7 bxc3 32. Rxc3 Rxd4 33.
Rc6 g5 34. Rcxe6+ Kg7 35. Ra6 Rd7 36. Ree6 g4 37. Rg6+ Kh7 38. Rh6+ Kg7 39.
Rag6+ Kf8 40. Rh8+ Kf7 41. Rh7+ Kxg6 42. Rxd7 f4 43. Kc2 Kf5 44. Rxa7 1-0

[Event "Chigorin Memorial"]
[Site "St Petersburg"]
[Date "2015.10.03"]
[Round "1.143"]
[White "Lemeshev, Roman"]
[Black "Mesnyankin, Nikita"]
[Result "0-1"]
[WhiteElo "1763"]
[BlackElo "2218"]
[PlyCount "60"]
[EventDate "2015.10.03"]
[EventType "swiss"]
[EventRounds "9"]
[EventCountry "RUS"]

1. e4 e5 2. Nf3 Nc6 3. Bc4 Bc5 4. b4 Bb6 5. c3 Nf6 6. Qb3 Qe7 7. d3 d6 8. Bg5
h6 9. Bh4 O-O 10. a4 a5 11. b5 Nd8 12. O-O Ne6 13. Bxe6 Bxe6 14. c4 g5 15. Bg3
Nh5 16. Nc3 f5 17. exf5 Rxf5 18. Qd1 Raf8 19. Ra2 Nf4 20. Bxf4 Rxf4 21. Ne2
R4f7 22. h3 Bxh3 23. gxh3 Rxf3 24. Nc3 Qe6 25. Ne4 Qxh3 26. c5 Qg4+ 27. Ng3
Bxc5 28. Qb3+ Kh8 29. Kg2 Bxf2 30. Raxf2 Rxg3+ 0-1

[Event "Chigorin Memorial"]
[Site "St Petersburg"]
[Date "2015.10.03"]
[Round "1.144"]
[White "Urazayev, Arystanbek"]
[Black "Ismagilov, Damir"]
[Result "1-0"]
[WhiteElo "2217"]
[BlackElo "1753"]
[PlyCount "127"]
[EventDate "2015.10.03"]
[EventType "swiss"]
[EventRounds "9"]
[EventCountry "RUS"]

1. e4 e5 2. Nf3 Nf6 3. Nxe5 d6 4. Nc4 Nxe4 5. Qe2 Qe7 6. Ne3 c6 7. c4 g6 8. d3
Nf6 9. Nc3 Bg7 10. g3 Nbd7 11. Bg2 Ne5 12. O-O O-O 13. d4 Ned7 14. Re1 Re8 15.
b3 Nh5 16. Qd2 Qf6 17. Ne2 Nf8 18. Bb2 Ne6 19. h4 Nc7 20. Rab1 Qd8 21. d5 c5
22. Bxg7 Nxg7 23. Qc3 Bd7 24. Nf4 Rb8 25. Bf3 h5 26. Re2 Qc8 27. Rbe1 Qd8 28.
Bg2 Ra8 29. Nh3 Nf5 30. Nxf5 Bxf5 31. Ng5 Qd7 32. Be4 Bg4 33. f3 Bf5 34. Bxf5
gxf5 35. Qf6 Rxe2 36. Rxe2 Re8 37. Rxe8+ Qxe8 38. Kf2 Qf8 39. Qxf5 Qg7 40. Qc8+
Qf8 41. Qxc7 Qg7 42. Qc8+ Qf8 43. Qxb7 a5 44. Qxf7+ Qxf7 45. Nxf7 Kxf7 46. Ke3
Ke7 47. Kf4 Kf6 48. g4 hxg4 49. fxg4 Kg6 50. h5+ Kh6 51. Kf5 Kg7 52. g5 Kh7 53.
Kf6 Kg8 54. Kg6 Kh8 55. h6 a4 56. bxa4 Kg8 57. a5 Kf8 58. h7 Ke7 59. h8=Q Kd7
60. a6 Ke7 61. a7 Kd7 62. a8=R Kc7 63. Qb8+ Kd7 64. Qb7# 1-0

[Event "Chigorin Memorial"]
[Site "St Petersburg"]
[Date "2015.10.03"]
[Round "1.145"]
[White "Pettersen, Johan"]
[Black "Ivlev, Aleksey"]
[Result "0-1"]
[WhiteElo "1741"]
[BlackElo "2215"]
[PlyCount "64"]
[EventDate "2015.10.03"]
[EventType "swiss"]
[EventRounds "9"]
[EventCountry "RUS"]

1. e4 e5 2. Bc4 Nc6 3. Nc3 Nf6 4. d3 Na5 5. Bb3 Nxb3 6. axb3 h6 7. Nf3 d6 8.
O-O Be7 9. Be3 c5 10. h3 O-O 11. Ne2 Re8 12. c4 Bf8 13. Ng3 g6 14. Qd2 Kh7 15.
b4 b6 16. b5 Bg7 17. Ne1 Nd7 18. f3 Nf8 19. Nc2 Ne6 20. Ne2 f5 21. Bf2 f4 22.
b4 g5 23. Nc3 h5 24. Be1 g4 25. hxg4 hxg4 26. Kf2 cxb4 27. Rh1+ Kg6 28. Nxb4
Nd4 29. Ra3 g3+ 30. Kf1 Rh8 31. Rxh8 Qxh8 32. Ne2 Nxf3 0-1